Language Quiz

Random Language or French Quiz

French I Quiz Stats

 Plays Quiz not verified by Sporcle

Challenge
Share
Tweet
Embed
Score 0/20 Timer 02:00
0 Plays Today
% Correct
she
97.8%
he
95.6%
and
95.6%
friend
93.3%
they
93.3%
very
91.1%
boy
91.1%
father
91.1%
school
91.1%
small
91.1%
% Correct
big
88.9%
named
88.9%
is
86.7%
also
86.7%
are
86.7%
girl
86.7%
of
82.2%
many
75.6%
is not
68.9%
student
66.7%

You're not logged in!

Compare scores with friends on all Sporcle quizzes.
Join for Free
OR
Log In

You Might Also Like...

Show Comments

Extras

Top Quizzes Today


Score Distribution

Your Account Isn't Verified!

In order to create a playlist on Sporcle, you need to verify the email address you used during registration. Go to your Sporcle Settings to finish the process.

Report this User

Report this user for behavior that violates our Community Guidelines.

Details: